Statistics for Guess That Animated Show

Click here to take the quiz!

General Stats

  • This quiz has been taken 28 times
  • The average score is 8 of 15

Answer Stats

HintAnswer% Correct
Yellow Sponge; Pink StarSpongebob Squarepants
96%
Yellow FamilyThe Simpsons
92%
I Know What We're Gonna Do Today!Phineas and Ferb
68%
The Man in the Yellow HatCurious George
64%
Transform int 10 Aliens via the OmnitrixBen 10
60%
Sugar, Spice, and Everything NiceThe Powerpuff Girls
60%
Blue Jay and a RaccoonRegular Show
56%
Crystal GemsSteven Universe
56%
Blue Cat and Orange FishThe Amazing World of Gumball
44%
Australian Dog FamilyBluey
40%
Talking Dog and MonstersScooby-Doo
40%
Aids Stuffed AnimalsDoc McStuffins
36%
He's a Science KidSid the Science KId
36%
Inspired by Mr. Roger's NeighborhoodDaniel Tiger's Neighborhood
32%
Country to CityBig City Greens
28%

Score Distribution

Percentile by Number Answered

Percent of People with Each Score

Your Score History

You have not taken this quiz